Normal view MARC view

Entry Nombre personal

Number of records used in: 1

001 - NÚMERO DE CONTROL

  • campo de control: 111693

003 - IDENTIFICADOR DE NÚMERO DE CONTROL

  • campo de control: OSt

005 - FECHA Y HORA DE LA ÚLTIMA TRANSACCIÓN

  • campo de control: 20260423161817.0

008 - ELEMENTOS DE DATO DE LONGITUD-FIJA

  • campo de control de longitud fija: 260423|| aca||aabn | a|a d

024 7# - IDENTIFICADOR DE OTROS ESTÁNDARES

  • Fuente: Wikidata
  • Número estándar o código: Q19516040

024 7# - IDENTIFICADOR DE OTROS ESTÁNDARES

  • Fuente: VIAF
  • Número estándar o código: http://viaf.org/viaf/95908195

024 8# - IDENTIFICADOR DE OTROS ESTÁNDARES

  • Número estándar o código: https://historia-hispanica.rah.es/biografias/14965-joan-enrich

040 ## - FUENTE DE CATALOGACIÓN

  • Centro catalogador/agencia de origen: M-RABA

100 1# - ENCABEZAMIENTO-NOMBRE DE PERSONA

  • Nombre de persona: Enrich, Juan
  • Fechas asociadas al nombre: (1743-1795)

373 ## - GRUPO ASOCIADO

  • Grupo asociado: Escultura

374 ## - OCUPACIÓN

  • Ocupación: Escultor

375 ## - GÉNERO/SEXO

  • Género: Masculino

400 1# - TRAZADO DE VÉASE--NOMBRE DE PERSONA

  • Nombre de persona: Enrich, Joan
  • Fechas asociadas al nombre: (1743-1795)

670 ## - FUENTE DE DATOS ENCONTRADOS

  • Cita de la fuente: WWW VIAF, 23/04/2026
  • Información encontrada: (Enrich, Juan 1743-1795)

670 ## - FUENTE DE DATOS ENCONTRADOS

  • Cita de la fuente: WWW Wikidata, 23/04/2026
  • Información encontrada: (Enrich, Joan, 1743-1795)

Powered by Koha